Elasticita papierov a jej fyzikálna a chemická modifikácia

Gespeichert in:
Bibliographische Detailangaben
1. Verfasser: Krišta, Juraj (Verfasst von)
Weitere Verfasser: Šutý, Štefan (Betreuung Doktorarbeit)
Format: Manuskript Buch
Sprache:Slowakisch
Veröffentlicht: 2024
Schlagworte:
Online-Zugang:http://is.stuba.sk/zp/portal_zp.pl?podrobnosti=176562
Tags: Tag hinzufügen
Keine Tags, Fügen Sie das erste Tag hinzu!

MARC

LEADER 00000ntm a22000003a 4500
001 stuzp99286
003 SK-STU
005 20240601210558.9
007 ta
008 150427s2015----xo-----f-mn---000-0-slo-d
040 |a STU  |b slo 
041 0 |a slo 
100 1 |a Krišta, Juraj  |u 049380  |4 aut  |U FCHPT Ústav prírodných a syntetických polymérov  |T FCHPT Oddelenie dreva, celulózy a papiera  |X 97502  |U C9380  |Y 129  |7 97502 
242 0 1 |a Paper elasticity and its physical and chemical modification  |y eng 
245 1 0 |a Elasticita papierov a jej fyzikálna a chemická modifikácia 
260 |c 2024 
650 4 |a aditíva  |2 slo 
650 4 |a zmraštenie pri sušení  |2 slo 
650 4 |a mletie buničiny  |2 slo 
650 4 |a rozťažnosť papiera  |2 slo 
650 4 |a paper extensiblity  |2 eng 
650 4 |a pulp beating  |2 eng 
650 4 |a drying shrinkage  |2 eng 
650 4 |a additives  |2 eng 
700 1 |a Šutý, Štefan  |u 049380  |k Z1  |4 ths  |U FCHPT Ústav prírodných a syntetických polymérov  |T FCHPT Oddelenie dreva, celulózy a papiera  |X 3920  |U C9380  |Y 129  |7 A000003920 
856 4 |u http://is.stuba.sk/zp/portal_zp.pl?podrobnosti=176562